Afroasiatic languages - Statistics

General Stats
  • This quiz has been taken 474 times
    323 since last reset
  • The average score is 91 of 332
Answer Stats
Answer % Correct
Somali
85%
Deno
84%
Amharic
82%
Hebrew
81%
Tunni
81%
Egyptian Arabic
80%
Moroccan Arabic
77%
Tigrinya
77%
Hausa
76%
Pa'a
76%
Algerian Arabic
75%
Tunisian Arabic
75%
Afar
72%
Libyan Arabic
72%
Gilit Mesopotamian Arabic
71%
Omani Arabic
71%
Levantine Arabic
70%
Sudanese Arabic
69%
Tigre
66%
Assyrian Neo-Aramaic
63%
Maltese
63%
Gulf Arabic
61%
Beja
57%
Kabyle
57%
Chadian Arabic
56%
Ju
54%
Ndam
54%
Tamasheq
51%
Bahrani Arabic
50%
Massa
49%
Hassaniyya
47%
Central Atlas Tamazight
46%
Mehri
46%
Wandala
46%
Sidamo
45%
Soqotri
45%
Bu
44%
Sha
44%
Tachelhit
43%
Hijazi Arabic
41%
Shawiya
41%
Tarifit
40%
Toram
40%
Ubi
40%
Eastern Oromo
39%
Iraqw
39%
Jibbali
39%
Hadiyya
38%
Southern Oromo
38%
Algerian Saharan Arabic
37%
Awngi
37%
Cypriot Arabic
37%
Ngas
37%
Ron
37%
Silt'e
37%
Siwi
37%
Bura
36%
Central Margi
36%
Cibak
36%
Gedeo
36%
Harari
36%
Maay
36%
Mafa
36%
Mwaghavul
36%
Tangale
36%
Tumzabt
36%
Bata
35%
Goemai
35%
Huba
35%
Kambaata
35%
Marba
35%
Musey
35%
Nzanyi
35%
Zenaga
35%
Alaba-K'abeena
34%
Bacama
34%
Bole
34%
Kamwe
34%
Karekare
34%
Nafusi
34%
Sa'idi Arabic
34%
South Margi
34%
Tamahaq
34%
Tawallammat
34%
Tera
34%
Xamtanga
34%
Gera
33%
Ngete
33%
Bade
32%
Daza
32%
Ngamo
32%
North Mesopotamian Arabic
32%
Saya
32%
Shenwa
32%
Ghadames
31%
Inor
31%
Khorasan Arabic
31%
Mesqan
31%
Najdi Arabic
31%
Neo-Mandaic
31%
Saho
31%
Sebat Bet Gurage
31%
Soddo
31%
Tetserret
31%
Konso
30%
Ta'izzi-Adeni Arabic
30%
Tunisian-Zuwara Berber
30%
Argobba
29%
Dirasha
29%
Ghomara
29%
Ham
29%
Mbuko
29%
Sanaani Arabic
29%
Tidikelt
29%
Uzbeki Arabic
29%
Alagwa
28%
Ale
28%
Boon
28%
Dahalo
28%
Eastern Middle Atlas Berber
28%
Hobyót
28%
Jilbe
28%
Judeo-Iraqi Arabic
28%
Judeo-Moroccan Arabic
28%
Judeo-Yemeni Arabic
28%
Ouargli
28%
Tajiki Arabic
28%
Tayart
28%
Vame
28%
West Central Oromo
28%
Wolane
28%
Zay
28%
Awjila
27%
Buli
27%
Dahalik
27%
Judeo-Tripolitanian Arabic
27%
Libido
27%
North Giziga
27%
Tugurt
27%
Western Neo-Aramaic
27%
Bilin
26%
Chaldean Neo-Aramaic
26%
Faifi
26%
Hadrami Arabic
26%
Maaka
26%
Maslam
26%
Mesme
26%
Mofu-Gudur
26%
North Mofu
26%
Psikye
26%
Qimant
26%
South Giziga
26%
Taznatit
26%
Turoyo
26%
Bathari
25%
Boor
25%
Dhofari Arabic
25%
Kera
25%
Aweer
24%
Barein
24%
Burunge
24%
Daasanach
24%
Dangaléat
24%
Dera
24%
Gizey
24%
Gorowa
24%
Gwandara
24%
Harsusi
24%
Musgu
24%
Northwest Arabian Arabic
24%
Razihi
24%
Senhaja De Srair
24%
Birgit
23%
Bohtan Neo-Aramaic
23%
Burji
23%
Girirra
23%
Herde
23%
Hulaulá
23%
Mada
23%
Masmaje
23%
Mazagway
23%
Mukulu
23%
Peve
23%
Rendille
23%
Tobanga
23%
Dir-Nyamzak-Mbarimi
22%
Gudu
22%
Jonkor Bourmataguil
22%
Kir-Balar
22%
Koenoem
22%
Koy Sanjaq Neo-Aramaic
22%
Lishanid Noshan
22%
Mefele
22%
Merey
22%
Migaama
22%
Moloko
22%
Orma
22%
Saba
22%
Shihhi
22%
Siri
22%
Wuzlam
22%
Arbore
21%
Baldemu
21%
Barzani Jewish Neo-Aramaic
21%
Daba
21%
Dabarre
21%
Garre
21%
Gidar
21%
Hertevin Neo-Aramaic
21%
Kwaami
21%
Lishana Deni
21%
Lishán Didán
21%
Matal
21%
Miya
21%
Nancere
21%
Pan
21%
Yiwom
21%
Zangwal
21%
Baiso
20%
Cakfem-Mushere
20%
Cineni
20%
Giiwo
20%
Guduf-Gava
20%
Jalking
20%
Kirya-Konzel
20%
Miship
20%
Mubi
20%
Piya-Kwonci
20%
Sokoro
20%
Yaaku
20%
Bussa
19%
Dass
19%
Diri
19%
Fyer
19%
Jara
19%
Lamang
19%
Muyang
19%
Waata
19%
Zul
19%
Dghwede
18%
Jiiddu
18%
Kabalai
18%
Kwang
18%
Nggwahyi
18%
Nyam
18%
Pesse
18%
Putai
18%
Tsuvan
18%
Zirenkel
18%
Jimi
17%
Majera
17%
Zizilivakan
17%
Gabri
16%
Hdi
16%
Kariya
16%
Ngizim
16%
Tsamai
16%
Ciwogai
15%
Gyaazi
15%
Parkwa
15%
Vemgo-Mabas
15%
Zulgo-Gemzek
15%
Glavda
14%
Hina
14%
Lagwan
14%
Lele
14%
Mbara
14%
Mser
14%
Sukur
14%
Tal
14%
Beele
13%
Cuvok
13%
Duwai
13%
Dyarim
13%
Guruntum
13%
Jina
13%
Kholok
13%
Malgwa
13%
Mburku
13%
Mpade
13%
Pero
13%
Sharwa
13%
Tumak
13%
Chaari
12%
Galambu
12%
Gavar
12%
Kimre
12%
Kushi
12%
Malgbe
12%
Mangas
12%
Mbedam
12%
Montol
12%
Nteng
12%
Somrai
12%
Tala
12%
Buduma
11%
Kajakse
11%
Kutto
11%
Pyapun
11%
Belneng
10%
Bidiya
10%
Geruma
10%
Jakattoe
10%
Mawa
10%
Mire
10%
Zumbun
10%
Bana
9%
Duhwa
9%
Miltu
9%
Mogum
9%
Sarua
9%
Tamki
9%
Afade
8%
Boghom
8%
Dugwor
8%
Gvoko
8%
Hya
8%
Kulere
8%
Mundat
8%
Ngwaba
8%
Warji-Gala
8%
Gadang
7%
Mangar
7%
Ga'anda
6%
Tambas
6%
Buwal
5%
Hwana
5%
Fali
4%
Boga
3%
Bure
3%
Gude
3%
No matching quizzes found
Score Distribution
Percent of People with Each Score
Percentile by Number Answered
Your Score History
You have not taken this quiz since the last reset